Les Meilleurs buteurs de l'Euro 1996 - Statistiques

Statistiques générales
  • Ce quiz a été pris 18 fois
  • Le résultat moyen est 5 sur 9
Statistiques - réponses
Buts Équipe Joueur % Correct
5 Angleterre Alan Shearer
92%
3 Croatie Davor Šuker
92%
3 Danemark Brian Laudrup
83%
2 Allemagne Oliver Bierhoff
75%
3 Allemagne Jürgen Klinsmann
58%
2 Allemagne Matthias Sammer
33%
2 Angleterre Teddy Sheringham
25%
3 Bulgarie Hristo Stoičkov
17%
2 Italie Pierluigi Casiraghi
17%
Aucun quiz correspondant
Distribution des résultats
% des personnes avec chaque résultat
Percentile par nombre de réponses
Votre historique - résultats
Vous n’avez pas pris ce quiz